| 000 | 00668cab a2200193 4500 | ||
|---|---|---|---|
| 001 | WB2741-29 | ||
| 008 | 090401t1991 xxu||||| |||| 00| 0 eng d | ||
| 035 | _a(Sirsi) u20763 | ||
| 041 | _aeng | ||
| 245 | _aDesign guides are back | ||
| 260 | _c1991 | ||
| 350 | _a0 | ||
| 490 |
_aBuilding Design _v(1053) 18 October 1991, 1&2(2) |
||
| 520 | _aDorest CC is considering using a design guide for its Herrison development site based on the Duchy of Cornwall code to be used in the proposed Poundbury scheme. Signals a renewed interest in using design guides. | ||
| 650 | _aDESIGN GUIDES | ||
| 690 | _aPLANNING LAW AND PRACTICE | ||
| 942 | _n0 | ||
| 948 | _c04/03/1997 | ||
| 999 |
_c13914 _d13914 |
||